[Event "Benidorm Satellite preliminary"]
[Site "playchess.com #007036"]
[Date "2009.10.24"]
[Round "7"]
[White "sabla"]
[Black "Dimitri_Ovanov"]
[Result "1-0"]
[WhiteElo "1710"]
[BlackElo "1630"]
[PlyCount "89"]
[EventDate "2009.10.24"]
[EventType "swiss (blitz)"]

1. d4 {[%emt 0:00:02]} g6 {[%emt 0:00:01]} 2. Nc3 {[%emt 0:00:02]} Bg7 {[%emt
0:00:01]} 3. e4 {[%emt 0:00:01]} d6 {[%emt 0:00:01]} 4. f4 {[%emt 0:00:01]} Nf6
{[%emt 0:00:01]} 5. Nf3 {[%emt 0:00:01]} c6 {[%emt 0:00:02]} 6. e5 {[%emt 0:00:
01]} Ng4 {[%emt 0:00:02]} 7. h3 {[%emt 0:00:02]} Nh6 {[%emt 0:00:01]} 8. g4 {
[%emt 0:00:02]} dxe5 {[%emt 0:00:09]} 9. fxe5 {[%emt 0:00:01]} Na6 {[%emt 0:00:
24]} 10. Be3 {[%emt 0:00:04]} Nb4 {[%emt 0:00:03]} 11. Qd2 {[%emt 0:00:05]} Nd5
{[%emt 0:00:02]} 12. Bxh6 {[%emt 0:00:03]} Bxh6 {[%emt 0:00:04]} 13. Qxh6 {
[%emt 0:00:02]} Nxc3 {[%emt 0:00:04]} 14. bxc3 {[%emt 0:00:01]} Qd5 {[%emt 0:
00:02]} 15. Qe3 {[%emt 0:00:07]} h5 {[%emt 0:00:05]} 16. g5 {[%emt 0:00:03]}
Bf5 {[%emt 0:00:05]} 17. Bd3 {[%emt 0:00:03]} Be6 {[%emt 0:00:03]} 18. c4 {
[%emt 0:00:04]} Qa5+ {[%emt 0:00:02]} 19. Nd2 {[%emt 0:00:04]} Qc3 {[%emt 0:00:
10]} 20. Ke2 {[%emt 0:00:03]} O-O-O {[%emt 0:00:09]} 21. Nf3 {[%emt 0:00:18]}
Bxc4 {[%emt 0:00:08]} 22. Bxc4 {[%emt 0:00:03]} Qxc4+ {[%emt 0:00:13]} 23. Qd3
{[%emt 0:00:02]} Qa4 {[%emt 0:00:14]} 24. Qb3 {[%emt 0:00:05]} Qa6+ {[%emt 0:
00:03]} 25. c4 {[%emt 0:00:01]} f6 {[%emt 0:00:05]} 26. gxf6 {[%emt 0:00:04]}
exf6 {[%emt 0:00:01]} 27. Rhd1 {[%emt 0:00:02]} Rhe8 {[%emt 0:00:04]} 28. Kf2 {
[%emt 0:00:08]} g5 {[%emt 0:00:30]} 29. Rd3 {[%emt 0:00:11]} g4 {[%emt 0:00:04]
} 30. hxg4 {[%emt 0:00:04]} hxg4 {[%emt 0:00:01]} 31. Nd2 {[%emt 0:00:05]} fxe5
{[%emt 0:00:05]} 32. d5 {[%emt 0:00:01]} cxd5 {[%emt 0:00:32]} 33. Rxd5 {[%emt
0:00:05]} Rxd5 {[%emt 0:00:03]} 34. cxd5 {[%emt 0:00:01]} Rf8+ {[%emt 0:00:05]}
35. Kg1 {[%emt 0:00:09]} Qe2 {[%emt 0:00:13]} 36. Qc4+ {[%emt 0:00:01]} Qxc4 {
[%emt 0:00:03]} 37. Nxc4 {[%emt 0:00:01]} Rf4 {[%emt 0:00:03]} 38. Nxe5 {[%emt
0:00:03]} Rd4 {[%emt 0:00:02]} 39. Rc1+ {[%emt 0:00:06]} Kd8 {[%emt 0:00:01]}
40. Rc5 {[%emt 0:00:02]} b6 {[%emt 0:00:02]} 41. Nc6+ {[%emt 0:00:03]} Kd7 {
[%emt 0:00:01]} 42. Nxd4 {[%emt 0:00:02]} Kd6 {[%emt 0:00:00]} 43. Rb5 {[%emt
0:00:03]} Ke5 {[%emt 0:00:01]} 44. Ne2 {[%emt 0:00:01]} Ke4 {[%emt 0:00:01]}
45. Kf2 {[%emt 0:00:01] Dimitri_Ovanov resigns} 1-0

[Event "Benidorm Satellite preliminary"]
[Site "playchess.com #007036"]
[Date "2009.10.24"]
[Round "7"]
[White "Direchess"]
[Black "Hauberk"]
[Result "1-0"]
[WhiteElo "1973"]
[BlackElo "2408"]
[PlyCount "83"]
[EventDate "2009.10.24"]
[EventType "swiss (blitz)"]

1. e4 {[%emt 0:00:02]} e5 {[%emt 0:00:01]} 2. d4 {[%emt 0:00:01]} exd4 {[%emt
0:00:02]} 3. Qxd4 {[%emt 0:00:00]} Nc6 {[%emt 0:00:01]} 4. Qe3 {[%emt 0:00:01]}
Nf6 {[%emt 0:00:01]} 5. Nc3 {[%emt 0:00:01]} Bb4 {[%emt 0:00:01]} 6. Bd2 {
[%emt 0:00:01]} O-O {[%emt 0:00:01]} 7. O-O-O {[%emt 0:00:01]} Re8 {[%emt 0:00:
01]} 8. Qg3 {[%emt 0:00:02]} Rxe4 {[%emt 0:00:04]} 9. a3 {[%emt 0:00:01]} Rg4 {
[%emt 0:00:15]} 10. Qe3 {[%emt 0:00:03]} Bxc3 {[%emt 0:00:15]} 11. Bxc3 {[%emt
0:00:00]} d5 {[%emt 0:00:14]} 12. Bxf6 {[%emt 0:00:12]} gxf6 {[%emt 0:00:02]}
13. Qf3 {[%emt 0:00:01]} Be6 {[%emt 0:00:11]} 14. Nh3 {[%emt 0:00:06]} Qd6 {
[%emt 0:00:15]} 15. Bd3 {[%emt 0:00:07]} Kg7 {[%emt 0:00:23]} 16. g3 {[%emt 0:
00:16]} Ne5 {[%emt 0:00:21]} 17. Qe2 {[%emt 0:00:11]} Ra4 {[%emt 0:00:15]} 18.
Nf4 {[%emt 0:00:03]} Bg4 {[%emt 0:00:01]} 19. Qe3 {[%emt 0:00:24]} d4 {[%emt 0:
00:14]} 20. Qe4 {[%emt 0:00:26]} f5 {[%emt 0:00:01]} 21. Qxb7 {[%emt 0:00:02]}
Bf3 {[%emt 0:00:01]} 22. Nh5+ {[%emt 0:00:10]} Kh6 {[%emt 0:00:24]} 23. Qb3 {
[%emt 0:00:02]} Ra5 {[%emt 0:00:12]} 24. Nf4 {[%emt 0:00:04]} c5 {[%emt 0:00:
02]} 25. Bc4 {[%emt 0:00:16]} Rb8 {[%emt 0:00:09]} 26. Qa2 {[%emt 0:00:03]} Qb6
{[%emt 0:00:05]} 27. Bd5 {[%emt 0:00:06]} Bxh1 {[%emt 0:00:07]} 28. Rxh1 {
[%emt 0:00:02]} c4 {[%emt 0:00:01]} 29. Re1 {[%emt 0:00:05]} c3 {[%emt 0:00:03]
} 30. Rxe5 {[%emt 0:00:04]} cxb2+ {[%emt 0:00:09]} 31. Kb1 {[%emt 0:00:00]} Qc5
{[%emt 0:00:04]} 32. Nd3 {[%emt 0:00:05]} Qxa3 {[%emt 0:00:02]} 33. Qxa3 {
[%emt 0:00:02]} Rxa3 {[%emt 0:00:00]} 34. Nxb2 {[%emt 0:00:00]} Ra5 {[%emt 0:
00:00]} 35. Rxf5 {[%emt 0:00:01]} Rab5 {[%emt 0:00:01]} 36. Be4 {[%emt 0:00:05]
} Rxb2+ {[%emt 0:00:01]} 37. Kc1 {[%emt 0:00:00]} Rb1+ {[%emt 0:00:01]} 38. Kd2
{[%emt 0:00:01]} Rf1 {[%emt 0:00:01]} 39. Bd3 {[%emt 0:00:02]} Rh1 {[%emt 0:00:
02]} 40. h4 {[%emt 0:00:01]} Rh2 {[%emt 0:00:01]} 41. Rxf7 {[%emt 0:00:01]} a5
{[%emt 0:00:01]} 42. Rxh7# {[%emt 0:00:01]} 1-0

[Event "Benidorm Satellite preliminary"]
[Site "playchess.com #007036"]
[Date "2009.10.24"]
[Round "7"]
[White "Bystrc2010"]
[Black "Alexiz"]
[Result "1/2-1/2"]
[WhiteElo "1771"]
[BlackElo "1700"]
[PlyCount "89"]
[EventDate "2009.10.24"]
[EventType "swiss (blitz)"]

1. e4 {[%emt 0:00:02]} e6 {[%emt 0:00:03]} 2. d4 {[%emt 0:00:01]} d5 {[%emt 0:
00:01]} 3. e5 {[%emt 0:00:02]} c5 {[%emt 0:00:03]} 4. Nf3 {[%emt 0:00:01]} Qb6
{[%emt 0:00:03]} 5. Bd3 {[%emt 0:00:02]} Nc6 {[%emt 0:00:02]} 6. O-O {[%emt 0:
00:09]} cxd4 {[%emt 0:00:01]} 7. a3 {[%emt 0:00:06]} f6 {[%emt 0:00:01]} 8.
exf6 {[%emt 0:00:10]} Nxf6 {[%emt 0:00:02]} 9. b4 {[%emt 0:00:06]} a6 {[%emt 0:
00:05]} 10. Nbd2 {[%emt 0:00:08]} e5 {[%emt 0:00:09]} 11. Nxe5 {[%emt 0:00:30]}
Nxe5 {[%emt 0:00:07]} 12. Re1 {[%emt 0:00:03]} Bd6 {[%emt 0:00:04]} 13. f4 {
[%emt 0:00:03]} Nfd7 {[%emt 0:00:05]} 14. fxe5 {[%emt 0:00:05]} Be7 {[%emt 0:
00:10]} 15. Qh5+ {[%emt 0:00:06]} Kd8 {[%emt 0:00:02]} 16. Nf3 {[%emt 0:00:07]}
Nf8 {[%emt 0:00:27]} 17. Bg5 {[%emt 0:00:09]} Be6 {[%emt 0:00:08]} 18. Bxe7+ {
[%emt 0:00:04]} Kxe7 {[%emt 0:00:03]} 19. Qg5+ {[%emt 0:00:06]} Ke8 {[%emt 0:
00:08]} 20. Kh1 {[%emt 0:00:22]} g6 {[%emt 0:00:03]} 21. Qf6 {[%emt 0:00:09]}
Rg8 {[%emt 0:00:05]} 22. Ng5 {[%emt 0:00:07]} Rc8 {[%emt 0:00:11]} 23. Rf1 {
[%emt 0:00:09]} Qc6 {[%emt 0:00:11]} 24. Nxe6 {[%emt 0:00:03]} Qxe6 {[%emt 0:
00:08]} 25. Qxe6+ {[%emt 0:00:06]} Nxe6 {[%emt 0:00:02]} 26. Rf6 {[%emt 0:00:
02]} Ke7 {[%emt 0:00:01]} 27. Raf1 {[%emt 0:00:03]} Rgf8 {[%emt 0:00:03]} 28.
Rxf8 {[%emt 0:00:01]} Rxf8 {[%emt 0:00:03]} 29. Rxf8 {[%emt 0:00:00]} Nxf8 {
[%emt 0:00:01]} 30. Kg1 {[%emt 0:00:02]} Ke6 {[%emt 0:00:01]} 31. b5 {[%emt 0:
00:02]} axb5 {[%emt 0:00:04]} 32. Bxb5 {[%emt 0:00:01]} Kxe5 {[%emt 0:00:01]}
33. Kf2 {[%emt 0:00:01]} b6 {[%emt 0:00:02]} 34. g3 {[%emt 0:00:02]} g5 {[%emt
0:00:03]} 35. Be8 {[%emt 0:00:04]} Ne6 {[%emt 0:00:04]} 36. h4 {[%emt 0:00:06]}
h6 {[%emt 0:00:02]} 37. hxg5 {[%emt 0:00:03]} hxg5 {[%emt 0:00:02]} 38. Ke2 {
[%emt 0:00:05]} Nc5 {[%emt 0:00:03]} 39. Bf7 {[%emt 0:00:05]} Ne4 {[%emt 0:00:
04]} 40. Kf3 {[%emt 0:00:03]} Nf6 {[%emt 0:00:16]} 41. Bg6 {[%emt 0:00:07]} Ne4
{[%emt 0:00:03]} 42. Be8 {[%emt 0:00:05]} Nf6 {[%emt 0:00:02]} 43. Bg6 {[%emt
0:00:02]} Ne4 {[%emt 0:00:02]} 44. Be8 {[%emt 0:00:02]} Nf6 {[%emt 0:00:01]}
45. Bg6 {[%emt 0:00:01]} 1/2-1/2

[Event "Benidorm Satellite preliminary"]
[Site "playchess.com #007036"]
[Date "2009.10.24"]
[Round "7"]
[White "Shakked"]
[Black "Rpughiii"]
[Result "0-1"]
[WhiteElo "1421"]
[BlackElo "1311"]
[PlyCount "98"]
[EventDate "2009.10.24"]
[EventType "swiss (blitz)"]

1. e4 {[%emt 0:00:04]} e5 {[%emt 0:00:06]} 2. Nf3 {[%emt 0:00:01]} Nc6 {[%emt
0:00:01]} 3. Bc4 {[%emt 0:00:02]} Bc5 {[%emt 0:00:02]} 4. c3 {[%emt 0:00:01]}
Nf6 {[%emt 0:00:06]} 5. d4 {[%emt 0:00:03]} exd4 {[%emt 0:00:01]} 6. cxd4 {
[%emt 0:00:00]} Bb4+ {[%emt 0:00:01]} 7. Nc3 {[%emt 0:00:00]} Nxe4 {[%emt 0:00:
04]} 8. O-O {[%emt 0:00:00]} Bxc3 {[%emt 0:00:07]} 9. d5 {[%emt 0:00:01]} O-O {
[%emt 0:00:16]} 10. dxc6 {[%emt 0:00:14]} Bf6 {[%emt 0:00:15]} 11. Bd5 {[%emt
0:00:17]} Nd6 {[%emt 0:00:22]} 12. cxb7 {[%emt 0:00:47]} Bxb7 {[%emt 0:00:01]}
13. Bxb7 {[%emt 0:00:01]} Nxb7 {[%emt 0:00:02]} 14. Bf4 {[%emt 0:00:04]} d5 {
[%emt 0:00:11]} 15. Be5 {[%emt 0:00:04]} c5 {[%emt 0:00:10]} 16. Qd2 {[%emt 0:
00:07]} Bxe5 {[%emt 0:00:06]} 17. Nxe5 {[%emt 0:00:04]} Qd6 {[%emt 0:00:08]}
18. Nc4 {[%emt 0:00:12]} dxc4 {[%emt 0:00:01]} 19. Qxd6 {[%emt 0:00:02]} Nxd6 {
[%emt 0:00:01]} 20. Rad1 {[%emt 0:00:00]} Rad8 {[%emt 0:00:04]} 21. Rd5 {[%emt
0:00:02]} Nb7 {[%emt 0:00:15]} 22. Rfd1 {[%emt 0:00:01]} Rxd5 {[%emt 0:00:02]}
23. Rxd5 {[%emt 0:00:00]} Rd8 {[%emt 0:00:02]} 24. Rxd8+ {[%emt 0:00:04]} Nxd8
{[%emt 0:00:01]} 25. f4 {[%emt 0:00:01]} Ne6 {[%emt 0:00:02]} 26. g3 {[%emt 0:
00:02]} f5 {[%emt 0:00:03]} 27. Kf2 {[%emt 0:00:01]} Kf7 {[%emt 0:00:01]} 28.
Ke2 {[%emt 0:00:03]} Kf6 {[%emt 0:00:01]} 29. Kd2 {[%emt 0:00:01]} Nd4 {[%emt
0:00:04]} 30. h4 {[%emt 0:00:04]} h5 {[%emt 0:00:08]} 31. Ke3 {[%emt 0:00:13]}
Nb5 {[%emt 0:00:03]} 32. Kd2 {[%emt 0:00:07]} a5 {[%emt 0:00:04]} 33. a4 {
[%emt 0:00:02]} Nd6 {[%emt 0:00:04]} 34. Ke3 {[%emt 0:00:04]} g6 {[%emt 0:00:
02]} 35. Ke2 {[%emt 0:00:04]} Ke6 {[%emt 0:00:01]} 36. Ke3 {[%emt 0:00:01]} Kd5
{[%emt 0:00:01]} 37. Kf3 {[%emt 0:00:02]} Kd4 {[%emt 0:00:01]} 38. Ke2 {[%emt
0:00:03]} c3 {[%emt 0:00:02]} 39. b3 {[%emt 0:00:06]} Ne4 {[%emt 0:00:05]} 40.
g4 {[%emt 0:00:07]} fxg4 {[%emt 0:00:04]} 41. f5 {[%emt 0:00:02]} gxf5 {[%emt
0:00:02]} 42. b4 {[%emt 0:00:00]} cxb4 {[%emt 0:00:02]} 43. Kd1 {[%emt 0:00:03]
} b3 {[%emt 0:00:02]} 44. Kc1 {[%emt 0:00:01]} f4 {[%emt 0:00:04]} 45. Kd1 {
[%emt 0:00:01]} f3 {[%emt 0:00:01]} 46. Ke1 {[%emt 0:00:02]} f2+ {[%emt 0:00:
01]} 47. Ke2 {[%emt 0:00:01]} c2 {[%emt 0:00:02]} 48. Kf1 {[%emt 0:00:05]}
c1=Q+ {[%emt 0:00:05]} 49. Kg2 {[%emt 0:00:01]} Qg1# {[%emt 0:00:02]} 0-1

[Event "Benidorm Satellite preliminary"]
[Site "playchess.com #007036"]
[Date "2009.10.24"]
[Round "7"]
[White "Remco"]
[Black "MischaT"]
[Result "0-1"]
[WhiteElo "2306"]
[BlackElo "2029"]
[PlyCount "70"]
[EventDate "2009.10.24"]
[EventType "swiss (blitz)"]

1. e4 {[%emt 0:00:02]} e6 {[%emt 0:00:01]} 2. d4 {[%emt 0:00:02]} d5 {[%emt 0:
00:00]} 3. Nc3 {[%emt 0:00:01]} Bb4 {[%emt 0:00:01]} 4. e5 {[%emt 0:00:01]} c5
{[%emt 0:00:00]} 5. a3 {[%emt 0:00:01]} Ba5 {[%emt 0:00:00]} 6. b4 {[%emt 0:00:
03]} cxd4 {[%emt 0:00:01]} 7. Qg4 {[%emt 0:00:15]} Ne7 {[%emt 0:00:03]} 8. Qxg7
{[%emt 0:00:05]} Rg8 {[%emt 0:00:02]} 9. Qxh7 {[%emt 0:00:01]} dxc3 {[%emt 0:
00:01]} 10. bxa5 {[%emt 0:00:02]} Nbc6 {[%emt 0:00:01]} 11. f4 {[%emt 0:00:02]}
Qxa5 {[%emt 0:00:03]} 12. Rb1 {[%emt 0:00:07]} Qa4 {[%emt 0:00:14]} 13. Nf3 {
[%emt 0:00:11]} Bd7 {[%emt 0:00:32]} 14. Rxb7 {[%emt 0:00:40]} O-O-O {[%emt 0:
00:01]} 15. Rb1 {[%emt 0:00:16]} Nf5 {[%emt 0:00:04]} 16. Bb5 {[%emt 0:01:14]}
Qe4+ {[%emt 0:00:28]} 17. Kf2 {[%emt 0:00:10]} Kc7 {[%emt 0:00:09]} 18. Bd3 {
[%emt 0:00:08]} Qa4 {[%emt 0:00:12]} 19. Bb5 {[%emt 0:00:11]} Qxc2+ {[%emt 0:
00:04]} 20. Bd2 {[%emt 0:00:02]} cxd2 {[%emt 0:00:06]} 21. Rhd1 {[%emt 0:00:01]
} Qc5+ {[%emt 0:00:14] '} 22. Kf1 {[%emt 0:00:01]} Rh8 {[%emt 0:00:12]} 23.
Qxf7 {[%emt 0:00:06]} Rdf8 {[%emt 0:00:03]} 24. Qg6 {[%emt 0:00:01]} Nce7 {
[%emt 0:00:10]} 25. Qg5 {[%emt 0:00:04]} Bxb5+ {[%emt 0:00:04]} 26. Rxb5 {
[%emt 0:00:03]} Qxb5+ {[%emt 0:00:02]} 27. Kf2 {[%emt 0:00:01]} Qc5+ {[%emt 0:
00:03]} 28. Kf1 {[%emt 0:00:02]} Rhg8 {[%emt 0:00:05]} 29. Qh5 {[%emt 0:00:02]}
Ne3+ {[%emt 0:00:03]} 30. Ke2 {[%emt 0:00:01]} Nxd1 {[%emt 0:00:02]} 31. Qh3 {
[%emt 0:00:06]} Nc3+ {[%emt 0:00:13]} 32. Kxd2 {[%emt 0:00:01]} Ne4+ {[%emt 0:
00:04]} 33. Ke2 {[%emt 0:00:01]} Qc2+ {[%emt 0:00:08]} 34. Ke1 {[%emt 0:00:01]}
Rxg2 {[%emt 0:00:05]} 35. Qxe6 {[%emt 0:00:01]} Qe2# {[%emt 0:00:02]} 0-1

[Event "Benidorm Satellite preliminary"]
[Site "playchess.com #007036"]
[Date "2009.10.24"]
[Round "7"]
[White "Munchie the 5th"]
[Black "JS_Mastropiero"]
[Result "0-1"]
[WhiteElo "1659"]
[BlackElo "2066"]
[PlyCount "62"]
[EventDate "2009.10.24"]
[EventType "swiss (blitz)"]

1. d4 {[%emt 0:00:01]} Nf6 {[%emt 0:00:03]} 2. c4 {[%emt 0:00:00]} g6 {[%emt 0:
00:02]} 3. Nc3 {[%emt 0:00:01]} Bg7 {[%emt 0:00:01]} 4. e4 {[%emt 0:00:01]} d6
{[%emt 0:00:01]} 5. f3 {[%emt 0:00:00]} O-O {[%emt 0:00:02]} 6. Be3 {[%emt 0:
00:00]} c6 {[%emt 0:00:04]} 7. Qd2 {[%emt 0:00:01]} a6 {[%emt 0:00:02]} 8. Bd3
{[%emt 0:00:04]} b5 {[%emt 0:00:01]} 9. Nge2 {[%emt 0:00:02]} Nbd7 {[%emt 0:00:
02]} 10. O-O-O {[%emt 0:00:03]} e5 {[%emt 0:00:05]} 11. d5 {[%emt 0:00:01]}
cxd5 {[%emt 0:00:06]} 12. cxd5 {[%emt 0:00:02]} Nb6 {[%emt 0:00:07]} 13. Rdg1 {
[%emt 0:00:05]} Bd7 {[%emt 0:00:01]} 14. Kb1 {[%emt 0:00:01]} b4 {[%emt 0:00:
01]} 15. Nd1 {[%emt 0:00:01]} Bb5 {[%emt 0:00:13]} 16. Bxb5 {[%emt 0:00:05]}
axb5 {[%emt 0:00:02]} 17. Bh6 {[%emt 0:00:07]} Nc4 {[%emt 0:00:02]} 18. Qg5 {
[%emt 0:00:02]} Rxa2 {[%emt 0:00:25]} 19. Kxa2 {[%emt 0:00:17]} Qa5+ {[%emt 0:
00:01]} 20. Kb1 {[%emt 0:00:02]} Ra8 {[%emt 0:00:14]} 21. Kc2 {[%emt 0:00:38]}
b3+ {[%emt 0:00:11]} 22. Kd3 {[%emt 0:00:03]} Qa1 {[%emt 0:00:15]} 23. Qc1 {
[%emt 0:00:12]} Qa7 {[%emt 0:00:14]} 24. Be3 {[%emt 0:00:09]} Qb7 {[%emt 0:00:
11]} 25. Nec3 {[%emt 0:00:35]} Rc8 {[%emt 0:00:21]} 26. Qa1 {[%emt 0:00:37]} b4
{[%emt 0:00:04]} 27. Ne2 {[%emt 0:00:12]} Nxd5 {[%emt 0:00:02]} 28. Qa7 {[%emt
0:00:16]} Nxb2+ {[%emt 0:00:22] '} 29. Nxb2 {[%emt 0:00:09]} Qb5+ {[%emt 0:00:
01]} 30. Kd2 {[%emt 0:00:06]} Rc2+ {[%emt 0:00:01]} 31. Kd1 {[%emt 0:00:06]}
Qxe2# {[%emt 0:00:01]} 0-1

[Event "Benidorm Satellite preliminary"]
[Site "playchess.com #007036"]
[Date "2009.10.24"]
[Round "7"]
[White "Yang Guo"]
[Black "Enfanterrible"]
[Result "1-0"]
[WhiteElo "2790"]
[BlackElo "2568"]
[PlyCount "87"]
[EventDate "2009.10.24"]
[EventType "swiss (blitz)"]

1. e4 {[%emt 0:00:01]} d5 {[%emt 0:00:01]} 2. exd5 {[%emt 0:00:01]} Qxd5 {
[%emt 0:00:01]} 3. Nc3 {[%emt 0:00:01]} Qa5 {[%emt 0:00:01]} 4. b4 {[%emt 0:00:
02]} Qxb4 {[%emt 0:00:01]} 5. a4 {[%emt 0:00:01]} Qd6 {[%emt 0:00:02]} 6. Ba3 {
[%emt 0:00:01]} Qd8 {[%emt 0:00:01]} 7. Nf3 {[%emt 0:00:01]} e6 {[%emt 0:00:01]
} 8. Bxf8 {[%emt 0:00:02]} Kxf8 {[%emt 0:00:01]} 9. d4 {[%emt 0:00:01]} b6 {
[%emt 0:00:02]} 10. Bd3 {[%emt 0:00:04]} Bb7 {[%emt 0:00:01]} 11. a5 {[%emt 0:
00:01]} a6 {[%emt 0:00:05]} 12. O-O {[%emt 0:00:02]} Nc6 {[%emt 0:00:11]} 13.
axb6 {[%emt 0:00:19]} cxb6 {[%emt 0:00:01]} 14. Ne2 {[%emt 0:00:04]} Nb4 {
[%emt 0:00:07]} 15. Ne5 {[%emt 0:00:04]} Nxd3 {[%emt 0:00:03]} 16. Qxd3 {[%emt
0:00:00]} Nf6 {[%emt 0:00:08]} 17. c4 {[%emt 0:00:01]} g6 {[%emt 0:00:06]} 18.
Rfd1 {[%emt 0:00:35]} Kg7 {[%emt 0:00:01]} 19. Nf4 {[%emt 0:00:01]} Qe7 {[%emt
0:00:13]} 20. Rab1 {[%emt 0:00:09]} b5 {[%emt 0:00:01]} 21. c5 {[%emt 0:00:03]}
Bd5 {[%emt 0:00:09]} 22. f3 {[%emt 0:00:06]} Rhd8 {[%emt 0:00:05]} 23. Qc3 {
[%emt 0:00:03]} g5 {[%emt 0:00:25]} 24. Ne2 {[%emt 0:00:03]} h6 {[%emt 0:00:01]
} 25. h4 {[%emt 0:00:05]} Nd7 {[%emt 0:00:02]} 26. hxg5 {[%emt 0:00:05]} Nxe5 {
[%emt 0:00:01]} 27. gxh6+ {[%emt 0:00:02]} Kxh6 {[%emt 0:00:04]} 28. dxe5 {
[%emt 0:00:02]} Qg5 {[%emt 0:00:04]} 29. Kf2 {[%emt 0:00:02]} Bc4 {[%emt 0:00:
14]} 30. Rh1+ {[%emt 0:00:06]} Kg7 {[%emt 0:00:01]} 31. Rb2 {[%emt 0:00:26]}
Rh8 {[%emt 0:00:07]} 32. f4 {[%emt 0:00:42]} Qg6 {[%emt 0:00:11]} 33. Rxh8 {
[%emt 0:00:05]} Rxh8 {[%emt 0:00:02]} 34. Ng3 {[%emt 0:00:01]} Rh4 {[%emt 0:00:
12]} 35. f5 {[%emt 0:00:19]} exf5 {[%emt 0:00:09]} 36. e6+ {[%emt 0:00:03]} Qf6
{[%emt 0:00:01]} 37. Nxf5+ {[%emt 0:00:03]} Kg6 {[%emt 0:00:06]} 38. Qxf6+ {
[%emt 0:00:00]} Kxf6 {[%emt 0:00:01]} 39. Nxh4 {[%emt 0:00:00]} fxe6 {[%emt 0:
00:01]} 40. Nf3 {[%emt 0:00:02]} a5 {[%emt 0:00:01]} 41. c6 {[%emt 0:00:01]}
Ke7 {[%emt 0:00:02]} 42. Ne5 {[%emt 0:00:00]} Bd5 {[%emt 0:00:04]} 43. Rxb5 {
[%emt 0:00:02]} Kd6 {[%emt 0:00:01]} 44. Rxa5 {[%emt 0:00:05] Enfanterrible
rinde} 1-0

[Event "Benidorm Satellite preliminary"]
[Site "playchess.com #007036"]
[Date "2009.10.24"]
[Round "7"]
[White "Diego Hidalgo"]
[Black "Masfouf"]
[Result "0-1"]
[WhiteElo "1842"]
[BlackElo "2023"]
[PlyCount "72"]
[EventDate "2009.10.24"]
[EventType "swiss (blitz)"]

1. e4 {[%emt 0:00:06]} c5 {[%emt 0:00:01]} 2. Nf3 {[%emt 0:00:01]} d6 {[%emt 0:
00:00]} 3. d4 {[%emt 0:00:01]} cxd4 {[%emt 0:00:01]} 4. Nxd4 {[%emt 0:00:00]}
Nf6 {[%emt 0:00:00]} 5. Nc3 {[%emt 0:00:01]} a6 {[%emt 0:00:00]} 6. Bg5 {[%emt
0:00:01]} e6 {[%emt 0:00:01]} 7. f4 {[%emt 0:00:01]} Be7 {[%emt 0:00:01]} 8.
Qf3 {[%emt 0:00:01]} Nbd7 {[%emt 0:00:02]} 9. O-O-O {[%emt 0:00:09]} Qc7 {
[%emt 0:00:01]} 10. Bd3 {[%emt 0:00:15]} O-O {[%emt 0:00:02]} 11. g4 {[%emt 0:
00:16]} b5 {[%emt 0:00:04]} 12. a3 {[%emt 0:00:11]} Bb7 {[%emt 0:00:03]} 13.
Rhg1 {[%emt 0:00:17]} Nc5 {[%emt 0:00:01]} 14. Bxf6 {[%emt 0:00:08]} Bxf6 {
[%emt 0:00:02]} 15. Nce2 {[%emt 0:00:09]} Nxd3+ {[%emt 0:00:14]} 16. Qxd3 {
[%emt 0:00:10]} Rac8 {[%emt 0:00:06]} 17. Kb1 {[%emt 0:00:16]} Qc4 {[%emt 0:00:
06]} 18. g5 {[%emt 0:00:20]} Bxd4 {[%emt 0:00:03]} 19. Nxd4 {[%emt 0:00:08]} e5
{[%emt 0:00:35]} 20. fxe5 {[%emt 0:00:29]} dxe5 {[%emt 0:00:04]} 21. Nf5 {
[%emt 0:00:02]} Bxe4 {[%emt 0:00:05]} 22. Ne7+ {[%emt 0:00:06]} Kh8 {[%emt 0:
00:02]} 23. Qxc4 {[%emt 0:00:04]} Rxc4 {[%emt 0:00:02]} 24. Rd2 {[%emt 0:00:06]
} g6 {[%emt 0:00:05]} 25. Kc1 {[%emt 0:00:07]} Re8 {[%emt 0:00:02]} 26. Nd5 {
[%emt 0:00:01]} Rd8 {[%emt 0:00:03]} 27. Rgd1 {[%emt 0:00:14]} Kg7 {[%emt 0:00:
02]} 28. Nf6 {[%emt 0:00:10]} Rdc8 {[%emt 0:00:05]} 29. Rd8 {[%emt 0:00:02]}
Rxc2+ {[%emt 0:00:02]} 30. Kb1 {[%emt 0:00:01]} Rxd8 {[%emt 0:00:13]} 31. Rxd8
{[%emt 0:00:02] .} Rc8+ {[%emt 0:00:03]} 32. Nxe4 {[%emt 0:00:02]} Rxd8 {[%emt
0:00:13] '} 33. b4 {[%emt 0:00:01]} Rd4 {[%emt 0:00:04]} 34. Nc5 {[%emt 0:00:
02]} e4 {[%emt 0:00:03]} 35. Nxa6 {[%emt 0:00:07]} e3 {[%emt 0:00:01]} 36. Nc5
{[%emt 0:00:03]} e2 {[%emt 0:00:01] Tiempo} 0-1

[Event "Benidorm Satellite preliminary"]
[Site "playchess.com #007036"]
[Date "2009.10.24"]
[Round "7"]
[White "Juckel"]
[Black "RKO DRM"]
[Result "0-1"]
[WhiteElo "1520"]
[BlackElo "1625"]
[PlyCount "78"]
[EventDate "2009.10.24"]
[EventType "swiss (blitz)"]

1. e4 {[%emt 0:00:06]} c5 {[%emt 0:00:07]} 2. Nf3 {[%emt 0:00:02]} d6 {[%emt 0:
00:00]} 3. c3 {[%emt 0:00:01]} e6 {[%emt 0:00:02]} 4. Bc4 {[%emt 0:00:05]} a6 {
[%emt 0:00:02]} 5. O-O {[%emt 0:00:03]} Nf6 {[%emt 0:00:02]} 6. d3 {[%emt 0:00:
02]} b5 {[%emt 0:00:01]} 7. Bb3 {[%emt 0:00:01]} Bb7 {[%emt 0:00:03]} 8. Bg5 {
[%emt 0:00:02]} Be7 {[%emt 0:00:01]} 9. Nbd2 {[%emt 0:00:02]} O-O {[%emt 0:00:
01]} 10. Re1 {[%emt 0:00:04]} Nbd7 {[%emt 0:00:01]} 11. d4 {[%emt 0:00:05]} Ne8
{[%emt 0:00:05]} 12. Bxe7 {[%emt 0:00:06]} Qxe7 {[%emt 0:00:01] RKO DRM
reclama victoria por desconexión} 13. Qe2 {[%emt 0:00:29] Juckel reklamiert
Gewinn wegen Verbindungsabbruch} c4 {[%emt 0:00:12]} 14. Bc2 {[%emt 0:00:01]}
Nc7 {[%emt 0:00:03]} 15. d5 {[%emt 0:00:10]} e5 {[%emt 0:00:03]} 16. b3 {[%emt
0:00:49]} cxb3 {[%emt 0:00:12]} 17. Nxb3 {[%emt 0:00:10]} Rac8 {[%emt 0:00:06]}
18. Na5 {[%emt 0:00:11]} Ba8 {[%emt 0:00:03]} 19. Rac1 {[%emt 0:00:09]} Nc5 {
[%emt 0:00:01]} 20. c4 {[%emt 0:00:14]} Qd7 {[%emt 0:00:35]} 21. cxb5 {[%emt 0:
00:19]} Nxb5 {[%emt 0:00:07]} 22. Bb1 {[%emt 0:00:07]} Qc7 {[%emt 0:00:11]} 23.
Nc6 {[%emt 0:00:06]} Bxc6 {[%emt 0:00:04]} 24. dxc6 {[%emt 0:00:01]} Qxc6 {
[%emt 0:00:01]} 25. a4 {[%emt 0:00:00]} Na7 {[%emt 0:00:08]} 26. Bd3 {[%emt 0:
00:05]} Qd7 {[%emt 0:00:24] '} 27. Bxa6 {[%emt 0:00:11]} Rc7 {[%emt 0:00:05]}
28. Bb5 {[%emt 0:00:03]} Nxb5 {[%emt 0:00:02]} 29. axb5 {[%emt 0:00:01]} Rb7 {
[%emt 0:00:02]} 30. Rb1 {[%emt 0:00:04]} Qc7 {[%emt 0:00:02]} 31. Rec1 {[%emt
0:00:02]} Rfb8 {[%emt 0:00:02]} 32. Qc4 {[%emt 0:00:01]} Qb6 {[%emt 0:00:05]}
33. Ng5 {[%emt 0:00:02]} h6 {[%emt 0:00:05]} 34. Nxf7 {[%emt 0:00:02]} Rxf7 {
[%emt 0:00:01]} 35. Ra1 {[%emt 0:00:03]} Rbf8 {[%emt 0:00:06]} 36. Rc2 {[%emt
0:00:03]} Qd8 {[%emt 0:00:06]} 37. Ra7 {[%emt 0:00:03]} Qf6 {[%emt 0:00:02]}
38. Rxf7 {[%emt 0:00:02]} Qxf7 {[%emt 0:00:02]} 39. Re2 {[%emt 0:00:02]} Qxc4 {
[%emt 0:00:01] Juckel gibt auf} 0-1